Normal view
MARC view
- Follari, Roberto A.
Entry Nombre Personal
001 - NUMERO DE CONTROL
- campo de control: 35106
003 - IDENTIFICADOR DE NUMERO DE CONTROL
- campo de control: UPN
005 - FECHA Y HORA DE LA ÜLTIMA TRANSACCIÓN
- campo de control: 20210219194459.0
008 - DATOS DE LONGITUD FIJA
- campo de control de longitud fija: nabaccnnaabn|||||||||| b |nc|||||d
035 ## - NUMERO DE CONTROL
- Número de control: UPN11000007213
040 ## - FUENTE DE CATALOGACIÓN
- Lenguaje de catalogación: SPA
- Agencia de transcripción: UPN
100 1# - ENCABEZAMIENTO - NOMBRE PERSONAL
- Nombre personal: Follari, Roberto A.
670 ## - FUENTE EN LA QUE SE LOCALIZARON DATOS
- Cita de la fuente: T
- Uniform Resource Identifier: http://www.redcientifica.com/autores/rfollari.html
680 ## - NOTA PUBLICA DE ACCESO PÚBLICO
- Frase explicativa de la referencia: Nació en Argentina. Es Doctor y Licenciado en Psicología por la Universidad Nacional de San Luis. Profesor titular de Epistemología de las Ciencias Sociales (Universidad Nacional de Cuyo, Fac. Ciencias Políticas y Sociales)
902 ## - CATALOGADOR
- Catalogador: MCM/080414
